书目信息 |
| 题名: |
区块链很简单
|
|
| 作者: | 汤强 著 | |
| 分册: | ||
| 出版信息: | 北京 机械工业出版社 2019 |
|
| 页数: | 12,207页 | |
| 开本: | 21cm | |
| 丛书名: | ||
| 单 册: | ||
| 中图分类: | F713.361.3-62 , F713.36 | |
| 科图分类: | ||
| 主题词: | 电子商务--支付方式--指南 | |
| 电子资源: | ||
| ISBN: | 978-7-111-62870-5 | |
| 000 | 01215nam0 2200265 450 | |
| 001 | 2258279438 | |
| 005 | 20220930161141.32 | |
| 010 | @a978-7-111-62870-5@b精装@dCNY59.00 | |
| 100 | @a20190829d2019 em y0chiy50 ea | |
| 101 | 0 | @achi |
| 102 | @aCN@b110000 | |
| 105 | @aa z 000yy | |
| 200 | 1 | @a区块链很简单@9qu kuai lian hen jian dan@e链圈入门与生存指南@f汤强著 |
| 210 | @a北京@c机械工业出版社@d2019 | |
| 215 | @a12,207页@c图@d21cm | |
| 307 | @a实际页数为:208 | |
| 314 | @a汤强,男,某银行中层管理人员。 | |
| 330 | @a本书是区块链知识的简明读本,24个故事解决“入门、进阶、专业理解、核心应用、专业防割”五个关于区块链的基本问题。内容方面专业功底扎实,从底层切入旁征博引,将一个个生涩的概念解读的透彻明了;写作手法轻松,数据、案例、图表、素材、手绘等多种表现手法不违和且呈现“个性美”。生动的故事中不失专业解读和应用分析,同时满足了区块链小白和专业从业人士的阅读需求,是一本集知识普及、简化理解、深度关联、引发思考于一体的简明工具书。 | |
| 517 | 1 | @a链圈入门与生存指南@9lian quan ru men yu sheng cun zhi nan |
| 606 | 0 | @a电子商务@x支付方式@j指南 |
| 690 | @aF713.361.3-62@v5 | |
| 690 | @aF713.36@v4 | |
| 701 | 0 | @a汤强@9tang qiang@4著 |
| 801 | 0 | @aCN@b91MARC@c20190830 |
| 905 | @aZUCC@dF713.36@e479 | |
| 区块链很简单:链圈入门与生存指南/汤强著.-北京:机械工业出版社,2019 |
| 12,207页:图;21cm |
| ISBN 978-7-111-62870-5(精装):CNY59.00 |
| 本书是区块链知识的简明读本,24个故事解决“入门、进阶、专业理解、核心应用、专业防割”五个关于区块链的基本问题。内容方面专业功底扎实,从底层切入旁征博引,将一个个生涩的概念解读的透彻明了;写作手法轻松,数据、案例、图表、素材、手绘等多种表现手法不违和且呈现“个性美”。生动的故事中不失专业解读和应用分析,同时满足了区块链小白和专业从业人士的阅读需求,是一本集知识普及、简化理解、深度关联、引发思考于一体的简明工具书。 |
| ● |
| 相关链接 |
|
|
|
正题名:区块链很简单
索取号:F713.36/479
 
预约/预借
| 序号 | 登录号 | 条形码 | 馆藏地/架位号 | 状态 | 备注 |
| 1 | 2000908984 | 2000908984 | 第三书库/ [索取号:F713.36/479] | 在馆 | |
| 2 | 2000908985 | 2000908985 | 第三书库/ [索取号:F713.36/479] | 在馆 | |
| 3 | 2000908986 | 2000908986 | 第三书库/ [索取号:F713.36/479] | 在馆 |